मरणकळा (Record no. 1247447)

MARC details
000 -LEADER
fixed length control field 00592nam a2200193Ia 4500
008 - FIXED-LENGTH DATA ELEMENTS--GENERAL INFORMATION
fixed length control field 151121s9999||||xx |||||||||||||| ||und||
082 ## - DEWEY DECIMAL CLASSIFICATION NUMBER
Classification number 920/ सवाखं
082 ## - DEWEY DECIMAL CLASSIFICATION NUMBER
Item number HNW-65950
100 ## - MAIN ENTRY--PERSONAL NAME
Personal name सवाखंडे द। शि।
245 ## - TITLE STATEMENT
Title मरणकळा
260 ## - PUBLICATION, DISTRIBUTION, ETC. (IMPRINT)
Name of publisher, distributor, etc "चेतश्री प्रकाशन, अंमळनेर"
260 ## - PUBLICATION, DISTRIBUTION, ETC. (IMPRINT)
Date of publication, distribution, etc --
300 ## - PHYSICAL DESCRIPTION
Extent 178
600 ## - SUBJECT ADDED ENTRY--PERSONAL NAME
Personal name सवाखंडे द। शि।
630 ## - SUBJECT ADDED ENTRY--UNIFORM TITLE
Uniform title मरणकळा
700 ## - ADDED ENTRY--PERSONAL NAME
Personal name सवाखंडे द। शि।
730 ## - ADDED ENTRY--UNIFORM TITLE
Uniform title मरणकळा
942 ## - ADDED ENTRY ELEMENTS (KOHA)
Koha item type Book
Holdings
Withdrawn status Lost status Damaged status Not for loan Home library Current library Date acquired Cost, normal purchase price Total Checkouts Full call number Barcode Date last seen Cost, replacement price Price effective from Koha item type
        Hirachand Nemchand Wachanalaya, Solapur Hirachand Nemchand Wachanalaya, Solapur 11/21/2015 40.00   HNW-65950 HNW-65950 11/21/2015 40.00 11/21/2015 Book